000 00417nam a2200181Ia 4500
001 9695
005 20260306161737.0
008 260306t2015||||xx |||||||||||||| ||spa||
041 _aESP
082 _a398.2
_bR93
100 _aRuiz de Elvira, Antonio
_eAUT
245 0 _aMitología clásica
260 _c2015
300 _a625 páginas :
_c23 cm.
650 _aGEN
654 _aCHU
942 _cLIB
_dJUS
_fJUS
_2ddc
_n
999 _c9695
_d9695